MARC details
| 000 -CABECERA |
| campo de control de longitud fija |
01159nam a2200265 a 4500 |
| 001 - NÚMERO DE CONTROL |
| campo de control |
000003025 |
| 005 - FECHA Y HORA DE LA ÚLTIMA TRANSACCIÓN |
| campo de control |
20200929150317.0 |
| 008 - DATOS DE LONGITUD FIJA--INFORMACIÓN GENERAL |
| campo de control de longitud fija |
090706s1978 dr 000 0 spa d |
| 040 ## - FUENTE DE LA CATALOGACIÓN |
| Centro catalogador/agencia de origen |
DO-SdBNP |
| Lengua de catalogación |
spa |
| Centro/agencia transcriptor |
BNPHU |
| 082 ## - NÚMERO DE LA CLASIFICACIÓN DECIMAL DEWEY |
| Número de clasificación |
338.18 |
| Número de documento/Ítem |
A657f |
| 100 1# - ENTRADA PRINCIPAL--NOMBRE DE PERSONA |
| Nombre de persona |
Aquino González, Carlos |
| 9 (RLIN) |
9590 |
| 245 10 - MENCIÓN DE TÍTULO |
| Título |
Fundamentos para una estrategia de desarrollo agrícola / |
| Mención de responsabilidad, etc. |
Carlos Aquino González ; prólogo Luis B. Crouch ; prefacio Carlos E. Aquino González. |
| 260 ## - PUBLICACIÓN, DISTRIBUCIÓN, ETC. |
| Lugar de publicación, distribución, etc. |
Santiago, República Dominicana : |
| Nombre del editor, distribuidor, etc. |
Instituto Superior de Agrícultura, |
| Fecha de publicación, distribución, etc. |
1978. |
| 300 ## - DESCRIPCIÓN FÍSICA |
| Extensión |
xvii, 190 p. : |
| Otras características físicas |
il. ; |
| Dimensiones |
20 cm. |
| 500 ## - NOTA GENERAL |
| Nota general |
Incluye lista de abreviaturas. |
| 500 ## - NOTA GENERAL |
| Nota general |
Incluye referencias bibliográficas y notas al pie de las páginas |
| 504 ## - NOTA DE BIBLIOGRAFÍA, ETC. |
| Nota de bibliografía, etc. |
Bibliografía : p. 187-190 |
| 590 ## - NOTA LOCAL (RLIN) |
| Nota local |
Inventariado, 2019/MFF |
| 650 #4 - PUNTO DE ACCESO ADICIONAL DE MATERIA--TÉRMINO DE MATERIA |
| Término de materia o nombre geográfico como elemento de entrada |
Política agrícola |
| Subdivisión geográfica |
República Dominicana |
| 9 (RLIN) |
9553 |
| 650 #4 - PUNTO DE ACCESO ADICIONAL DE MATERIA--TÉRMINO DE MATERIA |
| Término de materia o nombre geográfico como elemento de entrada |
Desarrollo agrícola |
| Subdivisión geográfica |
República Dominicana |
| 9 (RLIN) |
9591 |
| 651 #4 - PUNTO DE ACCESO ADICIONAL DE MATERIA--NOMBRE GEOGRÁFICO |
| Nombre geográfico |
República Dominicana |
| Subdivisión general |
Condiciones Rurales |
| 9 (RLIN) |
9403 |
| 700 12 - PUNTO DE ACCESO ADICIONAL--NOMBRE DE PERSONA |
| Nombre de persona |
Crouch, Luis B., |
| Término indicativo de función/relación |
pról. |
| 9 (RLIN) |
9592 |
| 710 2# - PUNTO DE ACCESO ADICIONAL--NOMBRE DE ENTIDAD CORPORATIVA |
| Nombre de entidad corporativa o nombre de jurisdicción como elemento de entrada |
Instituto Superior de Agricultura (República Dominicana) |
| 9 (RLIN) |
9593 |
| 910 ## - DATOS DE OPCIÓN DEL USUARIO (OCLC) |
| Datos de opción del usuario |
Validado. Control de calidad MFF |